Osmanlı hareminde üç haseki-sultan/ (Record no. 9765)
| 000 -BAŞLIK | |
|---|---|
| Sabit Uzunluktaki Kontrol Alanı | 01738nam a22003497a 4500 |
| 001 - KONTROL NUMARASI | |
| Control Dosyası | 0009793 |
| 003 - KONTROL NUMARASI KİMLİĞİ | |
| Kontrol Alanı | KOHA_MİRAKIL |
| 005 - EN SON İŞLEM TARİHİ ve ZAMANI | |
| Kontrol Alanı | 20260207001722.0 |
| 007 - FİZİKSEL TANIM SABİT ALAN - GENEL BİLGİ | |
| Sabit uzunluklu kontrol alanı | ta |
| 008 - SABİT UZUNLUKTAKİ VERİ ÖGELERİ - GENEL BİLGİ | |
| Sabit Alan | 091026b2009 tu |||gr||||#0|||0|tur | |
| 020 ## - ISBN - ULUSLARARASI STANDART KİTAP NUMARASI | |
| Isbn | 9789754373486 |
| 040 ## - KATALOGLAMA KAYNAĞI | |
| Özgün Kataloglama Kurumu | TR-BiSEU |
| Kataloglama Dili | tur |
| Çeviri Kurumu | TR-BiSEU |
| Açıklama Kuralları | rda |
| 041 0# - DİL KODU | |
| Metin ya da ses kaydının dil kodu | tur |
| 044 ## - YAYINLAYAN/ÜRETEN KURULUŞUN ÜLKE KODU | |
| ISO country code | tu |
| 050 ## - SINIFLAMA ve YER NUMARASI | |
| Sınıflama Numarası | DR438.7 |
| Yer Numarası | .O98 2009 |
| 100 1# - KİŞİ ADI | |
| Yazar Adı (Kişi adı) | Öztuna, Yılmaz. |
| 245 1# - ESER ADI BİLDİRİMİ | |
| Başlık | Osmanlı hareminde üç haseki-sultan/ |
| Sorumluluk Bildirimi | Yılmaz Öztuna ; Yılmaz Öztuna. |
| 264 #1 - ÜRERİM, YAYIN, DAĞITIM ve TELİF BİLDİRİMİ | |
| Yayın yeri | İstanbul : |
| Yayınlayan | Ötüken |
| Yayın tarihi | 2009 |
| 300 ## - FİZİKSEL TANIMLAMA | |
| Sayfa, Cilt vb. | 232 sayfa |
| 336 ## - İÇERİK TÜRÜ | |
| Content type term | metin |
| Content type code | txt |
| Source | rdacontent |
| 337 ## - MEDYA TÜRÜ | |
| Media type term | aracısız |
| Media type code | n |
| Source | rdamedia |
| 338 ## - TAŞIYICI TÜRÜ | |
| Carrier type term | cilt |
| Carrier type code | nc |
| Source | rdacarrier |
| 490 1# - DİZİ BİLDİRİMİ | |
| Dizi Bildirimi | Yayın Nu ; |
| Cilt Numarası | 194. |
| 490 1# - DİZİ BİLDİRİMİ | |
| Dizi Bildirimi | Kültür Serisi ; |
| Cilt Numarası | 48. |
| 505 ## - İÇİNDEKİLER NOTU | |
| İçindekiler Notu | Osmanlı tarihine çok farklı bir açıdan, Harem zaviyesinden bakan orijinal bir eser. Tarihimizin bir bölümüne saraylı kadınlar damga vurmuş, dönemlerindeki hadiseler onların adıyla anılır olmuştur. Bunların ileri gelenlerinden üçüdür: Safiye Sultan, Kösem Mahpeyker Sultan, Hatice Turhan Sultan... Kimi müspet, kimi menfi roller oynamış ama her halükârda yaşadıkları dönemi avuçlarının içerisinden seyretmişlerdir. Bu sultanlar acaba nasıl kişilerdir? Hangi özellikleri onları bu payeye yükseltmiştir. Üç Haseki Sultan'ın memleketlerinden ayrılıp saraya gelmelerinden başlayarak ölümlerine kadar olan hikâyeleri. Belgesel niteliğinin yanı sıra akıcı bir roman üslubuyla yazılmıştır. |
| 650 #0 - KONU BAŞLIĞI EK GİRİŞ - KONU TERİMİ | |
| Konusal terim veya coğrafi ad | Turkey--Sultans. |
| 9 (RLIN) | 24149 |
| 650 #0 - KONU BAŞLIĞI EK GİRİŞ - KONU TERİMİ | |
| Konusal terim veya coğrafi ad | Turkey--History--Ottoman Empire, 1298-1918. |
| 9 (RLIN) | 24150 |
| 830 1# - SERİ EK GİRİŞİ - TEKBİÇİM ESER ADI | |
| Tekbiçim Başlık | Yayın Nu ; |
| Volume number/sequential designation | 194. |
| 9 (RLIN) | 6553 |
| 830 1# - SERİ EK GİRİŞİ - TEKBİÇİM ESER ADI | |
| Tekbiçim Başlık | Kültür Serisi ; |
| Volume number/sequential designation | 48. |
| 9 (RLIN) | 6554 |
| 907 ## - LOCAL DATA ELEMENT G, LDG (RLIN) | |
| a | Tarih |
| 942 ## - EK GİRİŞ ÖGELERİ (KOHA) | |
| Source of classification or shelving scheme | Library of Congress Classification |
| Koha item type | Book |
| 505 ## - İÇİNDEKİLER NOTU | |
| -- | |
| Materyal Türü | Kalıcı Konum | Mevcut Konum | Raf Yeri | Sınıflandırma Kaynağı | Edinim Bilgisi | Ana Konular | Alt Konular | Yer Numarası | Demirbaş Numarası | Fatura Tarihi | Maliyet, Alış Fiyatı | Maliyet, Yenileme Fiyatı | Geri Çekilme Durumu | Kayıp Durumu | Hasarlı Durumu | Kredi için değil | Kayıt Tarih | Toplam Ödünçverme | Son Görülme Tarihi | Son Kontrol Tarihi | Genel / Bağış Notu |
|---|---|---|---|---|---|---|---|---|---|---|---|---|---|---|---|---|---|---|---|---|---|
| Book | Prof. Dr. Azmi Özcan Kütüphanesi | Prof. Dr. Azmi Özcan Kütüphanesi | Uluğbey Salonu | Library of Congress Classification | Bağış | DÜNYA TARİHİ (AVRUPA, ASYA, AFRİKA VB.) | Balkan Yarımadası | DR438.7 .O98 2009 | 0009793 | 13/08/2010 | 12.00 | 12.00 | 26/10/2009 | 6 | 05/12/2024 | 05/12/2024 | Genel Bağış |
